101 ways you can help save the planet before you're 12! (Record no. 366594)

MARC details
000 -LEADER
fixed length control field 00276nam a2200085Ia 4500
008 - FIXED-LENGTH DATA ELEMENTS--GENERAL INFORMATION
fixed length control field 210817s9999 xx 000 0 und d
100 ## - MAIN ENTRY--PERSONAL NAME
Personal name O'SULLIVAN, Joanne New York, [c.2009] 1st ed
9 (RLIN) 91016
245 #0 - TITLE STATEMENT
Title 101 ways you can help save the planet before you're 12!
942 ## - ADDED ENTRY ELEMENTS
item type Books
Holdings
Withdrawn status Lost status Damaged status Not for loan Home library Current library Date acquired Cost, normal purchase price Total Checkouts Barcode Date last seen Price effective from item type
        Silindile Public Library Silindile Public Library 20.08.2021 129.00   33228021881360 20.08.2021 20.08.2021 Books